000
00326nam a2200145Ia 4500
008
191201s2007 xx 000 0 und d
082
_a
658.83
_b
AAM
100
_a
KUMAR, Aaker
245
0
_a
Marketing Research
250
_a
7th
260
_a
N.Delhi
_b
Warner Books
_c
2007
300
_a
751
650
_a
MBA
942
_2
ddc
_c
BK
999
_c
2849
_d
2849